Normal view
MARC view
Entry Personal Name
001 - CONTROL NUMBER
- control field: 18484
003 - CONTROL NUMBER IDENTIFIER
- control field: OSt
005 - DATE AND TIME OF LATEST TRANSACTION
- control field: 20260129223927.0
008 - FIXED-LENGTH DATA ELEMENTS
- fixed length control field: 260129|| aca||aabn | a|a d
040 ## - CATALOGING SOURCE
- Original cataloging agency: OSt
- Transcribing agency: OSt
100 ## - HEADING--PERSONAL NAME
- Personal name: Arcena, Carlo Ray, author
670 ## - SOURCE DATA FOUND
- Source citation: Work cat.: (OSt): Lozano, Sonny Jr. C., author. 18476, Creatheme : an e-commerce web application with content management system /, 2022.
